[Event "6th EICC"]
[Site "Warsaw POL"]
[Date "2005.06.26"]
[Round "8"]
[White "Motylev,A"]
[Black "Wojtaszek,R"]
[Result "0-1"]
[WhiteElo "2680"]
[BlackElo "2569"]

1.e4 c5 2.Nf3 d6 3.d4 cxd4 4.Nxd4 Nf6 5.Nc3 Nc6 6.Bg5 e6 7.Qd2 a6 8.O-O-O Nxd4
9.Qxd4 Be7 10.f4 b5 11.Be2 Bb7 12.Bf3 Rc8 13.Bxf6 gxf6 14.f5 Qa5 15.fxe6 fxe6
16.Kb1 Rc4 17.Qe3 Qc7 18.Rhe1 Qc5 19.Qh6 b4 20.Nd5 Bxd5 21.exd5 e5 22.Be2 Rd4
23.Rxd4 Qxd4 24.Rd1 Qf2 25.Qg7 Rf8 26.Bxa6 f5 27.Qh6 Rf6 28.Qh5+ Kd8 29.Bb5 Rf8
30.g3 e4 31.Qxh7 Qf3 32.Rf1 Qe3 33.Qg7 Qd2 34.Bc4 e3 35.Qh6 f4 36.Qe6 fxg3
37.Rxf8+ Bxf8 38.a4 gxh2 39.Qf6+ Kc7 40.Qf7+ Kb6 41.Bf1 b3 42.cxb3 h1=Q 43.Qxf8 Qhxd5
44.Bc4 Qb7 45.Ka2 Ka7 46.Qf4  0-1

[Event "6th EICC"]
[Site "Warsaw POL"]
[Date "2005.06.29"]
[Round "11"]
[White "Kuzubov,Y"]
[Black "Motylev,A"]
[Result "1/2-1/2"]
[WhiteElo "2558"]
[BlackElo "2680"]

1.d4 Nf6 2.c4 g6 3.Nc3 Bg7 4.e4 d6 5.Be2 O-O 6.Nf3 e5 7.O-O Nc6 8.d5 Ne7
9.b4 Nh5 10.c5 h6 11.Nd2 Nf4 12.Nc4 Nxe2+ 13.Qxe2 f5 14.f3 f4 15.a4 g5 16.a5 h5
17.cxd6 cxd6 18.Nb5 Rf6 19.Qf2 g4 20.fxg4 hxg4 21.Bb2 Ng6 22.Rac1 g3 23.hxg3 Bg4
24.Qe1 Qd7 25.Nbxd6 Rxd6 26.gxf4 Nxf4 27.Rxf4 exf4 28.Bxg7 Kxg7 29.Ne5 Qe7
30.Nxg4 Rg6 31.Qc3+ Kg8 32.Qh3 Qxe4 33.Nh6+ Rxh6  1/2-1/2

[Event "2nd Sanjin Hotel Cup"]
[Site "Tiayuan CHN"]
[Date "2005.07.10"]
[Round "2"]
[White "Motylev,A"]
[Black "Karjakin,Sergey"]
[Result "1/2-1/2"]
[WhiteElo "2675"]
[BlackElo "2645"]

1.e4 e5 2.Nf3 Nc6 3.Bb5 Nf6 4.O-O Nxe4 5.d4 Nd6 6.Bxc6 dxc6 7.dxe5 Nf5 8.Qxd8+ Kxd8
9.Nc3 Ne7 10.h3 h6 11.Be3 Ng6 12.Rad1+ Ke8 13.a3 Be7 14.Rfe1 h5 15.Nd4 h4
16.f4 Rh5 17.Ne4 Bd7 18.c4 b6 19.a4 Rd8 20.Ne2 Bf8 21.a5 Bb4 22.Bd2 Be7 23.Be3 Bb4
24.Bd2 Be7 25.Be3 Bb4  1/2-1/2

[Event "2nd Sanjin Hotel Cup"]
[Site "Tiayuan CHN"]
[Date "2005.07.12"]
[Round "4"]
[White "Motylev,A"]
[Black "Zhao Xue"]
[Result "1-0"]
[WhiteElo "2675"]
[BlackElo "2470"]

1.e4 e5 2.Nf3 Nc6 3.Bb5 a6 4.Bxc6 dxc6 5.Nc3 Bc5 6.d3 Qd6 7.Be3 Bb4 8.Qd2 c5
9.a3 Ba5 10.Bxc5 Qxc5 11.b4 Qd6 12.bxa5 Ne7 13.d4 exd4 14.Qxd4 Qxd4 15.Nxd4 Bd7
16.Nd5 Nxd5 17.exd5 Bb5 18.O-O-O O-O-O 19.Nf5 Rhe8 20.Rhe1 g6 21.Rxe8 Rxe8
22.Ne3 Re4 23.Kb2 f5 24.Rd2 Kd7 25.Kc3 Kd6 26.Rd4 Ke5 27.Nc4+ Bxc4 28.Rxe4+ fxe4
29.Kxc4 e3 30.fxe3 Ke4 31.Kc5 Kxe3 32.d6 cxd6+ 33.Kxd6 g5 34.Kc7 g4 35.Kxb7 Kf2
36.g3 Kg2 37.c4  1-0

[Event "2nd Sanjin Hotel Cup"]
[Site "Tiayuan CHN"]
[Date "2005.07.13"]
[Round "5"]
[White "McShane,L"]
[Black "Motylev,A"]
[Result "1/2-1/2"]
[WhiteElo "2625"]
[BlackElo "2675"]

1.e4 e5 2.Nf3 Nf6 3.Nxe5 d6 4.Nf3 Nxe4 5.Qe2 Qe7 6.d3 Nf6 7.Bg5 Nbd7 8.Nc3 Qxe2+
9.Bxe2 h6 10.Bf4 Nb6 11.O-O-O Bd7 12.d4 O-O-O 13.d5 g6 14.h3 Bg7 15.Be3 Rde8
16.b3 Nh5 17.Bd4 Rhg8 18.Bxg7 Rxg7 19.Rd4 f5 20.a4 Nf6 21.Bd3 a5 22.Kd2 g5
23.Rb1 Rge7 24.Rf1 Re5 25.g4 fxg4 26.hxg4 R5e7 27.Nh2 Re5 28.Nf3 R5e7 29.Nh2 Re5
30.Nf3  1/2-1/2

[Event "2nd Sanjin Hotel Cup"]
[Site "Tiayuan CHN"]
[Date "2005.07.16"]
[Round "8"]
[White "Motylev,A"]
[Black "Harikrishna,P"]
[Result "1-0"]
[WhiteElo "2675"]
[BlackElo "2645"]

1.e4 e5 2.Nf3 Nc6 3.Bb5 Nf6 4.O-O Nxe4 5.d4 Nd6 6.Bxc6 dxc6 7.dxe5 Nf5 8.Qxd8+ Kxd8
9.Nc3 Ne7 10.h3 h6 11.Be3 Ng6 12.Rad1+ Ke8 13.a3 Be7 14.Rfe1 h5 15.Nd4 h4
16.f4 Rh5 17.Ne4 Bd7 18.c4 b6 19.b4 Nf8 20.f5 c5 21.f6 gxf6 22.exf6 cxd4
23.fxe7 Nh7 24.Bxd4 Rh6 25.Nc3 Rc8 26.Be5 Kxe7 27.Bxc7+ Be6 28.Nd5+ Kf8 29.Bf4 Rg6
30.Bd6+ Kg7 31.Ne7 Rxc4 32.Be5+ Kh6 33.Nxg6 Kxg6 34.Rd4 Ng5 35.Rxc4 Bxc4
36.Bd4 Ne6 37.Bf2  1-0

[Event "2nd Sanjin Hotel Cup"]
[Site "Tiayuan CHN"]
[Date "2005.07.18"]
[Round "9"]
[White "Petrosian,TL"]
[Black "Motylev,A"]
[Result "0-1"]
[WhiteElo "2581"]
[BlackElo "2675"]

1.e4 c5 2.Nc3 Nc6 3.Nf3 d6 4.d4 cxd4 5.Nxd4 Nf6 6.Be3 Ng4 7.Bb5 Nxe3 8.fxe3 Bd7
9.Bxc6 bxc6 10.O-O e6 11.Qf3 Qf6 12.Qxf6 gxf6 13.Rxf6 Bg7 14.Rf3 Rb8 15.b3 c5
16.Nde2 Bc6 17.Raf1 Rb7 18.Rh3 h5 19.Rf4 a5 20.Rfh4 a4 21.Rxh5 Rxh5 22.Rxh5 Rb4
23.Rg5 Kf8 24.Rg4 Be5 25.h4 f5 26.Rg6 Bxe4 27.Rxe6 Bxc2 28.Nxa4 Rxh4 29.Nxc5 Kf7
30.Kf2 Rh1 31.Rxe5 dxe5 32.Ng1 Ke7 33.b4 Kd6 34.a3 Rh7 35.Ne2 Kd5 36.Ke1 Rh2
37.Kf2 Rh7 38.Ke1 Rh2 39.Kf2 Rh1 40.Ng1 Rh7 41.Ne2 Kc4 42.e4 fxe4 43.Ke3 Ra7
44.a4 Kxb4 45.Nxe4 Rxa4 46.Ng5 Kc5 47.Nc3 Ra3 48.Kd2 Kc4 49.Ne2 Bd3 50.Ng1 Ra2+
51.Ke3 Rxg2 52.N1h3  0-1

[Event "2nd Sanjin Hotel Cup"]
[Site "Tiayuan CHN"]
[Date "2005.07.19"]
[Round "10"]
[White "Wang Yue"]
[Black "Motylev,A"]
[Result "1/2-1/2"]
[WhiteElo "2576"]
[BlackElo "2675"]

1.d4 Nf6 2.c4 e6 3.Nf3 b6 4.g3 Ba6 5.Qa4 Bb7 6.Bg2 c5 7.dxc5 bxc5 8.O-O Be7
9.Nc3 O-O 10.Rd1 d6 11.Bf4 a6 12.Rd2 Qc7 13.Rad1 Rd8 14.h3 h6 15.g4 Nc6 16.Bg3 Rab8
17.Ne1 h5 18.Nd3 Nd4 19.Nxc5 Bxg2 20.Kxg2 Nxe2 21.Rxe2 Qxc5 22.f3 hxg4 23.hxg4 Rb4
24.Qxa6 Rxc4 25.Bf2 Qc8 26.Qxc8 Rdxc8 27.Nb5 Rc2 28.Rdd2 Rxd2 29.Rxd2 Nd5
30.Bg3 Bg5 31.Re2 Nf4+ 32.Bxf4 Bxf4 33.a4 d5 34.b3 e5 35.Kf1 d4  1/2-1/2

[Event "2nd Sanjin Hotel Cup"]
[Site "Tiayuan CHN"]
[Date "2005.07.20"]
[Round "11"]
[White "Motylev,A"]
[Black "Bu Xiangzhi"]
[Result "0-1"]
[WhiteElo "2675"]
[BlackElo "2632"]

1.e4 c5 2.Nf3 d6 3.d4 cxd4 4.Nxd4 Nf6 5.Nc3 a6 6.f3 e5 7.Nb3 Be6 8.Be3 Nbd7
9.g4 b5 10.g5 b4 11.Ne2 Nh5 12.Qd2 Be7 13.Ng3 Nf4 14.h4 h6 15.Bxf4 exf4 16.Nh5 Bxb3
17.axb3 Kf8 18.Nxf4 hxg5 19.Nd5 g4 20.f4 Bxh4+ 21.Kd1 Nf6 22.Qxb4 Nxd5 23.exd5 a5
24.Qd4 Rh6 25.c3 Bf6 26.Qg1 Qd7 27.Be2 Rh3 28.Bf1 Qf5 29.Bxh3 Qd3+ 30.Kc1 Bxc3
31.Qd1 Bd2+ 32.Qxd2 Rc8+ 33.Kd1 Qf3+ 34.Qe2 Qxd5+  0-1

[Event "15th ETC"]
[Site "Gothenburg SWE"]
[Date "2005.07.30"]
[Round "1"]
[White "Motylev,A"]
[Black "Palac,M"]
[Result "0-1"]
[WhiteElo "2675"]
[BlackElo "2566"]

1.e4 c5 2.Nf3 d6 3.d4 cxd4 4.Nxd4 Nf6 5.Nc3 a6 6.f3 e6 7.Be3 b5 8.g4 h6 9.Qd2 b4
10.Na4 Nbd7 11.O-O-O Ne5 12.Nb3 Nxf3 13.Qxb4 Bd7 14.Nb6 Rb8 15.h3 Be7 16.Bxa6 Ne5
17.Rxd6 Qc7 18.Rhd1 Nc6 19.Qd2 Rxb6 20.Bxb6 Qxb6 21.Rxd7 O-O 22.Rxe7 Nxe7
23.Bd3 Ng6 24.g5 hxg5 25.Qxg5 e5 26.Kb1 Re8 27.Qg1 Qe6 28.Qf1 Nf4 29.Bc4 Qxh3
30.Qxh3 Nxh3 31.Nc5 g5 32.Rf1 Rd8 33.a4 Kg7 34.Nd3 g4 35.Nxe5 g3 36.Rf3 Nxe4
37.Rxf7+ Kh6 38.Ka2 g2 39.Nf3 Nhg5 40.Nh4 g1=Q 41.Nf5+ Kg6 42.Ne7+ Kh6 43.Nf5+ Kh5  0-1

[Event "15th ETC"]
[Site "Gothenburg SWE"]
[Date "2005.08.01"]
[Round "3"]
[White "Lautier,J"]
[Black "Motylev,A"]
[Result "1/2-1/2"]
[WhiteElo "2672"]
[BlackElo "2675"]

1.d4 d5 2.c4 c6 3.Nf3 Nf6 4.Nc3 e6 5.e3 Nbd7 6.Bd3 dxc4 7.Bxc4 b5 8.Bd3 b4
9.Ne4 Nxe4 10.Bxe4 Bb7 11.Qa4 Qb6 12.O-O Rc8 13.a3 Ba6 14.Rd1 Be2 15.Re1 Bb5
16.Qc2 Nf6 17.axb4 Nxe4 18.Qxe4 Bxb4 19.Bd2 Bxd2 20.Nxd2 c5 21.Rac1 O-O 22.Qc2 c4
23.b3 c3 24.Ne4 h6 25.Nc5 e5 26.Qxc3 exd4 27.exd4 Rfd8 28.h3 Rd5 29.Re5 Qd6
30.Rxd5 Qxd5 31.Rd1 Re8 32.Nd3 Rb8 33.Nb4 Qb7 34.Nd3 Qd5 35.Qc7 Re8 36.Nc5 Bc6
37.Qg3 a5 38.Kh2 Re2 39.Rd3 f5 40.Rf3 Qf7 41.Rf4 g5 42.h4 Qg6 43.d5 Bxd5
44.Rd4 Bf7 45.Rd8+ Re8 46.Rd6 Qg7 47.Rc6 gxh4 48.Qxg7+ Kxg7 49.Ra6 Re2 50.f3 Bd5
51.Kh3 f4 52.Rxa5 Re3 53.Rb5 Kf6 54.Kxh4 Ke5 55.Kg4 Rc3 56.Ra5 Kd4 57.b4 Rc2
58.Kh3 Rb2 59.Ra4 Bc4 60.Ne4 Bb5 61.Ra7 Bf1 62.Rg7 Ke3 63.Nf6 Rxg2 64.Rxg2 Kxf3
65.Nd5 Bxg2+ 66.Kh4 Ke4 67.Nxf4 Kxf4  1/2-1/2

[Event "15th ETC"]
[Site "Gothenburg SWE"]
[Date "2005.08.02"]
[Round "4"]
[White "Motylev,A"]
[Black "Muir,A"]
[Result "1-0"]
[WhiteElo "2675"]
[BlackElo "2322"]

1.e4 c5 2.Nf3 Nc6 3.d4 cxd4 4.Nxd4 Nf6 5.Nc3 d6 6.f3 e5 7.Nb3 Be7 8.Be3 O-O
9.Qd2 a5 10.Bb5 Be6 11.Rd1 Na7 12.Be2 Nc8 13.Qc1 Qc7 14.Nb5 Qc6 15.c4 Nd7
16.O-O f5 17.N3d4 exd4 18.Nxd4 Qa4 19.Nxe6 Rf6 20.exf5 Ncb6 21.Bd4 Rxf5 22.Nxg7 Rf7
23.Ne6 Nc5 24.Ng5 Rff8 25.f4 Bf6 26.Qb1 Bxg5 27.fxg5 Rxf1+ 28.Rxf1 Qe8 29.Qf5 Qg6
30.Qxg6+ hxg6 31.Rf6  1-0

[Event "15th ETC"]
[Site "Gothenburg SWE"]
[Date "2005.08.03"]
[Round "5"]
[White "Thorfinnsson,Br"]
[Black "Motylev,A"]
[Result "1/2-1/2"]
[WhiteElo "2448"]
[BlackElo "2675"]

1.d4 Nf6 2.c4 e6 3.Nf3 b6 4.a3 Ba6 5.Qa4 Bb7 6.g3 c5 7.dxc5 bxc5 8.Bg2 Be7
9.O-O O-O 10.Rd1 Qb6 11.Nc3 Ne4 12.Qc2 Nxc3 13.Qxc3 d5 14.Bg5 Bxg5 15.Nxg5 h6
16.Nf3 d4 17.Qd2 Nc6 18.b4 cxb4 19.axb4 Nxb4 20.Qxd4 Bxf3 21.Qxb6 axb6 22.Bxf3 Rxa1
23.Rxa1 Rc8 24.Be4 g6  1/2-1/2

[Event "58th ch-RUS Semi-Final"]
[Site "Kazan RUS"]
[Date "2005.09.03"]
[Round "1"]
[White "Lugovoi,A"]
[Black "Motylev,A"]
[Result "1/2-1/2"]
[WhiteElo "2556"]
[BlackElo "2675"]

1.c4 Nf6 2.Nc3 g6 3.d4 Bg7 4.e4 d6 5.Nf3 O-O 6.Be2 e5 7.d5 a5 8.Bg5 h6 9.Bh4 Na6
10.O-O Qe8 11.Ne1 g5 12.Bg3 Nxe4 13.Nxe4 f5 14.Bh5 Qe7 15.f3 fxe4 16.fxe4 Rxf1+
17.Kxf1 Nc5 18.Qe2 g4 19.Bxg4 Bxg4 20.Qxg4 Qg5 21.Qxg5 hxg5 22.Ke2 Nxe4 23.Nd3 c6
24.Nf2 Nf6 25.dxc6 bxc6 26.Kf1 Rf8 27.Kg1 Re8 28.Re1 Nh5 29.Ne4 Nxg3 30.hxg3 d5
31.cxd5 cxd5 32.Nc3 Rd8 33.Rd1 d4 34.Ne4 g4 35.Kf1 d3 36.Rc1 Kh7 37.Nf2 Rf8
38.Re1 d2 39.Rd1 Bh6 40.Ke2 Rb8 41.Nxg4  1/2-1/2

[Event "58th ch-RUS Semi-Final"]
[Site "Kazan RUS"]
[Date "2005.09.04"]
[Round "2"]
[White "Motylev,A"]
[Black "Obolenskikh,D"]
[Result "1-0"]
[WhiteElo "2675"]
[BlackElo "2437"]

1.e4 c5 2.Nf3 d6 3.d4 cxd4 4.Nxd4 Nf6 5.Nc3 a6 6.f3 e5 7.Nb3 Be6 8.Be3 Nbd7
9.g4 Rc8 10.Qd2 Be7 11.O-O-O O-O 12.Kb1 Nb6 13.h4 Qc7 14.h5 Nfd7 15.Rh2 Rfd8
16.Nd5 Bxd5 17.exd5 e4 18.fxe4 Ne5 19.Qg2 Nec4 20.Bd4 h6 21.Qf2 Nd7 22.Bxc4 Qxc4
23.Qf5 Qc7 24.Rf1 Rf8 25.Be3 Rce8 26.Rg2 Bg5 27.Bxg5 Re5 28.Bxh6 Rxf5 29.gxf5 Kh7
30.Bxg7 Rg8 31.Rfg1 Qd8 32.Nd2 Nc5 33.f6 Qe8 34.Rg6  1-0

[Event "58th ch-RUS Semi-Final"]
[Site "Kazan RUS"]
[Date "2005.09.05"]
[Round "3"]
[White "Korotylev,A"]
[Black "Motylev,A"]
[Result "1/2-1/2"]
[WhiteElo "2604"]
[BlackElo "2675"]

1.d4 Nf6 2.c4 e6 3.Nf3 b6 4.a3 Ba6 5.Qc2 Bb7 6.Nc3 c5 7.dxc5 bxc5 8.Bf4 Be7
9.Rd1 Nc6 10.e3 O-O 11.Be2 Nh5 12.Bd6 Bxd6 13.Rxd6 Qe7 14.Rd2 f5  1/2-1/2

[Event "58th ch-RUS Semi-Final"]
[Site "Kazan RUS"]
[Date "2005.09.06"]
[Round "4"]
[White "Motylev,A"]
[Black "Shariyazdanov,A"]
[Result "1-0"]
[WhiteElo "2675"]
[BlackElo "2592"]

1.e4 c5 2.Nf3 Nc6 3.d4 cxd4 4.Nxd4 Nf6 5.Nc3 e5 6.Ndb5 d6 7.Bg5 a6 8.Na3 b5
9.Bxf6 gxf6 10.Nd5 f5 11.Bd3 Be6 12.O-O Bxd5 13.exd5 Ne7 14.Re1 Bg7 15.c3 O-O
16.Qh5 e4 17.Bf1 Qd7 18.Rad1 Ng6 19.g3 b4 20.cxb4 Rab8 21.Nc4 Rfe8 22.Bh3 Qc7
23.b3 f4 24.a3 e3 25.fxe3 fxe3 26.Bf5 Re7 27.Kg2 Rbe8 28.Re2 Kh8 29.Rd3 Kg8
30.Kh3 Bh8 31.Qf3 Ne5 32.Qh5 Ng6 33.Qg5  1-0

[Event "58th ch-RUS Semi-Final"]
[Site "Kazan RUS"]
[Date "2005.09.08"]
[Round "6"]
[White "Motylev,A"]
[Black "Tkachiev,V"]
[Result "1-0"]
[WhiteElo "2675"]
[BlackElo "2625"]

1.e4 e5 2.Nf3 Nc6 3.Bb5 a6 4.Ba4 Nf6 5.O-O Be7 6.Re1 b5 7.Bb3 O-O 8.c3 d5
9.exd5 Nxd5 10.Nxe5 Nxe5 11.Rxe5 c6 12.d4 Bd6 13.Re1 Qh4 14.g3 Qh3 15.Re4 g5
16.Qe1 Nf6 17.Nd2 Qh5 18.Qd1 Qxd1+ 19.Bxd1 Nxe4 20.Nxe4 Be7 21.Bxg5 Bxg5
22.Nxg5 h6 23.Ne4 f5 24.Nc5 f4 25.Nd3 fxg3 26.hxg3 Bf5 27.Ne5 Rac8 28.b4 Be4
29.a4 Rc7 30.f4 Ra8 31.a5 Kg7 32.Kf2 Bd5 33.Bh5 Rf8 34.Re1 Re7 35.Re2 Rf6
36.Ke1 Rf8 37.Rh2 Kg8 38.Kf2 Rd8 39.Be2 Rd6 40.g4 Kg7 41.f5 Re8 42.Kg3 Rh8
43.Bd3 Rdd8 44.Kf4 Rd6 45.Rh5 Rg8 46.Be4 Bxe4 47.Kxe4 Kh7 48.Kf4 Kg7 49.Rh3 Re8
50.g5 hxg5+ 51.Kxg5 Rg8 52.Ng4 Rdd8 53.Rh6 Kf8+ 54.Kf4 c5 55.Rf6+ Ke7 56.Re6+ Kf8
57.dxc5 Rd1 58.Ne3 Rh1 59.Rxa6 Rh4+ 60.Ke5 Rg1 61.Rf6+ Ke8 62.Nd5  1-0

[Event "WCC"]
[Site "Khanty Mansyisk RUS"]
[Date "2005.11.27"]
[Round "1.2"]
[White "Motylev,A"]
[Black "Roiz,M"]
[Result "1-0"]
[WhiteElo "2632"]
[BlackElo "2600"]

1.e4 e6 2.d4 d5 3.Nc3 dxe4 4.Nxe4 Nd7 5.Nf3 Ngf6 6.Nxf6+ Nxf6 7.c3 Be7 8.Qa4+ c6
9.Bd3 O-O 10.Qc2 b6 11.Bg5 h6 12.h4 Bb7 13.Rh3 c5 14.Bxh6 c4 15.Bxg7 cxd3
16.Qd2 Kxg7 17.Rg3+ Ng4 18.Rxg4+ Kh7 19.Ng5+ Bxg5 20.Rxg5 Rh8 21.Qxd3+ f5
22.Qg3 Kh6 23.Rg6+ Kh5 24.Rg5+ Kh6 25.Rg7  1-0

[Event "WCC"]
[Site "Khanty Mansyisk RUS"]
[Date "2005.11.27"]
[Round "1.1"]
[White "Roiz,M"]
[Black "Motylev,A"]
[Result "1/2-1/2"]
[WhiteElo "2600"]
[BlackElo "2632"]

1.d4 Nf6 2.Nf3 e6 3.c4 b6 4.g3 Ba6 5.b3 Bb4+ 6.Bd2 Be7 7.Nc3 O-O 8.Rc1 d5
9.cxd5 exd5 10.Bg2 Bb7 11.O-O Nbd7 12.Bf4 c6 13.Ne1 Re8 14.Nd3 Nf8 15.Bg5 Ne6
16.Bxf6 Bxf6 17.e3 a5 18.Qd2 g6 19.Rc2 Ng7 20.Bh3 c5 21.dxc5 d4 22.exd4  1/2-1/2

[Event "WCC"]
[Site "Khanty Mansyisk RUS"]
[Date "2005.11.30"]
[Round "2.1"]
[White "Motylev,A"]
[Black "Ponomariov,R"]
[Result "1/2-1/2"]
[WhiteElo "2632"]
[BlackElo "2704"]

1.e4 e5 2.Nf3 Nc6 3.Bb5 a6 4.Ba4 Nf6 5.O-O Be7 6.Re1 b5 7.Bb3 O-O 8.c3 d6
9.h3 Nb8 10.d4 Nbd7 11.Nbd2 Bb7 12.Bc2 Re8 13.Nf1 Bf8 14.Ng3 g6 15.a4 c5
16.d5 c4 17.Bg5 h6 18.Be3 Nc5 19.Qd2 h5 20.Bxc5 dxc5 21.Bd1 Re7 22.Be2 Ne8
23.b3 cxb3 24.axb5 axb5 25.Bxb5 Nd6 26.Qd3 Rxa1 27.Rxa1 b2 28.Rb1 Qa5 29.Rxb2  1/2-1/2

[Event "WCC"]
[Site "Khanty Mansyisk RUS"]
[Date "2005.12.01"]
[Round "2.2"]
[White "Ponomariov,R"]
[Black "Motylev,A"]
[Result "1/2-1/2"]
[WhiteElo "2704"]
[BlackElo "2632"]

1.Nf3 Nf6 2.c4 e6 3.Nc3 Bb4 4.g3 Bxc3 5.bxc3 b6 6.Bg2 Bb7 7.O-O O-O 8.d3 d6
9.e4 Nbd7 10.Nh4 d5 11.exd5 exd5 12.Nf5 Re8 13.Bg5 Re5 14.g4 h6 15.Bh4 Qc8
16.Re1 Rxe1+ 17.Qxe1 Qf8 18.Bxf6 Nxf6 19.Qe5 Nxg4 20.Qxc7 Qb8 21.Qg3 Qxg3
22.hxg3 Rd8 23.cxd5 g6 24.Ne7+ Kf8 25.Nc6 Bxc6 26.dxc6 Rxd3 27.c4 Ke7 28.Bd5 Kd6
29.Re1 g5 30.Re8  1/2-1/2

[Event "ch-RUS Superfinal"]
[Site "Moscow RUS"]
[Date "2005.12.19"]
[Round "1"]
[White "Motylev,A"]
[Black "Dreev,A"]
[Result "1/2-1/2"]
[WhiteElo "2632"]
[BlackElo "2694"]

1.e4 c6 2.d4 d5 3.Nc3 dxe4 4.Nxe4 Bf5 5.Ng3 Bg6 6.h4 h6 7.Nf3 Nd7 8.h5 Bh7
9.Bd3 Bxd3 10.Qxd3 e6 11.Bf4 Qa5+ 12.Bd2 Bb4 13.c3 Be7 14.c4 Qc7 15.O-O-O Ngf6
16.Kb1 O-O 17.Rhe1 Rad8 18.Qc2 Ng4 19.Bc3 Rfe8 20.Qe2 a5 21.Ne5  1/2-1/2

[Event "ch-RUS Superfinal"]
[Site "Moscow RUS"]
[Date "2005.12.20"]
[Round "2"]
[White "Svidler,P"]
[Black "Motylev,A"]
[Result "1/2-1/2"]
[WhiteElo "2740"]
[BlackElo "2632"]

1.e4 e5 2.Nf3 Nf6 3.Nxe5 d6 4.Nf3 Nxe4 5.Nc3 Nxc3 6.dxc3 Be7 7.Bf4 Nc6 8.Qd2 Be6
9.O-O-O Qd7 10.Ng5 Bxg5 11.Bxg5 f6 12.Be3 O-O-O 13.Be2 Rhe8 14.h3 Kb8 15.b3 Ne7
16.f3 Bd5 17.c4 Bc6 18.Rhe1 b6 19.Bf1 Ng6 20.Bd4 Qf7 21.Kb2 Rxe1 22.Qxe1 Re8
23.Qc3 Bb7 24.a4 a5 25.Bf2 Ne5 26.Re1  1/2-1/2

[Event "ch-RUS Superfinal"]
[Site "Moscow RUS"]
[Date "2005.12.21"]
[Round "3"]
[White "Motylev,A"]
[Black "Kramnik,V"]
[Result "1/2-1/2"]
[WhiteElo "2632"]
[BlackElo "2739"]

1.e4 e5 2.Nf3 Nf6 3.d4 Nxe4 4.Bd3 d5 5.Nxe5 Nd7 6.Nxd7 Bxd7 7.O-O Bd6 8.c4 c6
9.cxd5 cxd5 10.Nc3 Nxc3 11.bxc3 O-O 12.Qh5 g6 13.Qxd5 Qc7 14.c4 Bc6 15.Qg5 Bxh2+
16.Kh1 Bd6 17.d5 Rae8 18.f4 f6 19.Qg3 Bd7 20.Bxg6 hxg6 21.Qxg6+ Kh8 22.Qh6+  1/2-1/2

[Event "ch-RUS Superfinal"]
[Site "Moscow RUS"]
[Date "2005.12.22"]
[Round "4"]
[White "Motylev,A"]
[Black "Tomashevsky,E"]
[Result "1/2-1/2"]
[WhiteElo "2632"]
[BlackElo "2564"]

1.e4 e5 2.Nf3 Nc6 3.Bb5 a6 4.Ba4 Nf6 5.O-O b5 6.Bb3 Bb7 7.d3 Be7 8.Nc3 O-O
9.Bd2 d6 10.a4 Nd4 11.Nxd4 exd4 12.Ne2 c5 13.Ng3 d5 14.e5 Nd7 15.Re1 Re8
16.Qf3 Nf8 17.Nf5 Ne6 18.c3 dxc3 19.bxc3 Bf8 20.Qg3 Kh8 21.h4 Qd7 22.h5 h6
23.d4 cxd4 24.cxd4 Ng5 25.Qg4 Bc8 26.Bc2 Ne4 27.Bxe4 dxe4 28.Qxe4 Bb7 29.Qg4 Bc8
30.Qe4 Bb7 31.Qf4 bxa4 32.Bc1 Qc6 33.f3 Bc8 34.Ba3 Bxf5 35.Bxf8 Be6 36.Rec1 Qb5
37.Bc5 Rab8 38.Qe4 Red8 39.Rab1 Bb3 40.Kf2 Qd7 41.Bd6 Rb5 42.Rc7 Qe6 43.Rbc1 Re8
44.Qc6 Bd5 45.Qd7 Rb2+ 46.Kg3 Rd2 47.Qxe6  1/2-1/2

[Event "ch-RUS Superfinal"]
[Site "Moscow RUS"]
[Date "2005.12.24"]
[Round "6"]
[White "Motylev,A"]
[Black "Jakovenko,D"]
[Result "0-1"]
[WhiteElo "2632"]
[BlackElo "2644"]

1.e4 e5 2.Nf3 Nc6 3.Bb5 a6 4.Ba4 Nf6 5.O-O Be7 6.Re1 b5 7.Bb3 O-O 8.c3 d6
9.h3 Re8 10.d4 Bb7 11.Nbd2 Bf8 12.a3 h6 13.Bc2 Nb8 14.b3 Nbd7 15.Bb2 g6 16.a4 c6
17.Bd3 Bg7 18.Qc2 Nh5 19.Rad1 Nf4 20.Bf1 Ne6 21.d5 cxd5 22.axb5 axb5 23.Bxb5 Nc7
24.Ba4 Re6 25.b4 dxe4 26.Nxe4 Bxe4 27.Rxe4 d5 28.Ree1 Nb6 29.Bb3 Qe7 30.Bc1 Rc8
31.Be3 Nb5 32.Bc5 Rxc5 33.bxc5 Qxc5 34.Nd4 exd4 35.Rxe6 fxe6 36.Qxg6 Qe7
37.cxd4 Nd7 38.Qg3 Qb4 39.Bc2 Nxd4 40.Bd3 Qb8 41.Qxb8+ Nxb8 42.Rb1 Nd7 43.g3 e5
44.Bg6 e4 45.Kg2 Ne5 46.Be8 Kh7 47.Rd1 Nd3 48.Rb1 Nc2 49.Rb7 Ne5 50.Ba4 Nd4
51.Rb8 Ndf3 52.Bb3 d4 53.Bd5 Nd2 54.Rb2 e3 55.fxe3 dxe3 56.Rb6 Nd3 57.Re6 Be5
58.Bb7 e2 59.Rxe5 Nxe5 60.Kf2 Nf1 61.Kxe2 Nxg3+ 62.Ke3 Nh5 63.Ke4 Nf7 64.Bc6 Kg6
65.h4 Kf6 66.Ba4 Ne5 67.Bc2 Ng7 68.Kf4 Ne6+ 69.Kg3 Nd4 70.Bb1 Ne2+ 71.Kf2 Nc3
72.Bc2 Nd7  0-1

[Event "ch-RUS Superfinal"]
[Site "Moscow RUS"]
[Date "2005.12.28"]
[Round "9"]
[White "Zvjaginsev,V"]
[Black "Motylev,A"]
[Result "1/2-1/2"]
[WhiteElo "2659"]
[BlackElo "2632"]

1.e4 c5 2.Na3 Nc6 3.Bb5 g6 4.Bxc6 bxc6 5.d3 Bg7 6.f4 d5 7.e5 f6 8.Qe2 fxe5
9.fxe5 Nh6 10.Nf3 Bg4 11.O-O O-O 12.c3 Qc7 13.Nc2 Nf5 14.Bf4 Nd4 15.Ncxd4 Rxf4
16.h3 cxd4 17.hxg4 dxc3 18.bxc3 Rxg4 19.Nd2 Rg3 20.Rae1 e6 21.Nb3 c5 22.Qf2 Rxd3
23.Nxc5 Rxc3 24.Nxe6 Qb6 25.Qxb6 axb6 26.Nxg7 Kxg7 27.Rf2 Re8 28.e6 Re7 29.Rd2 Rc5
30.a4 h5 31.Kh2 Kf6 32.Rf2+ Kg7 33.Rd2 Ra5 34.Rd4 Rc5 35.Rd2 Kf6  1/2-1/2

[Event "ch-RUS Superfinal"]
[Site "Moscow RUS"]
[Date "2005.12.29"]
[Round "10"]
[White "Motylev,A"]
[Black "Bareev,E"]
[Result "1-0"]
[WhiteElo "2632"]
[BlackElo "2675"]

1.e4 c6 2.d4 d5 3.e5 Bf5 4.Nf3 e6 5.Be2 c5 6.Be3 cxd4 7.Nxd4 Ne7 8.Bg5 Qa5+
9.Nc3 Nbc6 10.Bb5 Qc7 11.O-O Bg6 12.Qg4 a6 13.Ba4 Qc8 14.Qf3 h6 15.Bf6 Rb8
16.Rad1 gxf6 17.exf6 b5 18.Ncxb5 axb5 19.Nxb5 Rxb5 20.Bxb5 Qb7 21.c4 Be4
22.Qe2 Rg8 23.f3 dxc4 24.fxe7 Kxe7 25.Qxc4 Bd5 26.Rxd5 exd5 27.Qxc6 Qxc6
28.Bxc6 Kd6 29.Bb7 Bg7 30.Rd1 Bxb2 31.Bxd5 Ke7 32.Rb1 Bd4+ 33.Kf1 Rc8 34.Rb7+ Kd6
35.Bb3 Rc1+ 36.Ke2 f6 37.Rh7 Rg1 38.g3 Rg2+ 39.Kd3 Bg1 40.Rxh6 Ke5 41.f4+ Kf5
42.Ba4 Ke6 43.Ke4 Bxh2 44.Bb3+ Ke7 45.Kf5 Bxg3 46.Rxf6 Rf2 47.Re6+ Kd7 48.Re4 Bh4
49.Kg6 Be7 50.Kf7 Ba3 51.Be6+ Kd6 52.Rd4+ Kc5 53.Ra4 Bb2 54.f5 Rh2 55.f6 Rh6
56.Rf4 Kd6 57.Bb3 Bc3 58.Rf1 Bd4 59.Rf5 Be5 60.Rf3 Bd4 61.a4 Bb2 62.Bc4 Kc5
63.Bd3 Kb4 64.Bb5 Rh1 65.Ke6 Re1+ 66.Kd7 Rd1+ 67.Kc8 Rc1+ 68.Kb7  1-0

[Event "ch-RUS Superfinal"]
[Site "Moscow RUS"]
[Date "2005.12.30"]
[Round "11"]
[White "Morozevich,A"]
[Black "Motylev,A"]
[Result "1-0"]
[WhiteElo "2707"]
[BlackElo "2632"]

1.c4 Nf6 2.Nc3 e5 3.Nf3 Nc6 4.d3 d5 5.cxd5 Nxd5 6.g3 Nb6 7.Bg2 Be7 8.O-O O-O
9.a3 a5 10.Be3 Re8 11.Rc1 h6 12.Bxb6 cxb6 13.Nd2 Bf8 14.Nc4 a4 15.Nd2 Nd4
16.e3 Ne6 17.Nxa4 b5 18.Nc3 Qxd3 19.Nd5 Qg6 20.Qe2 Rd8 21.Qxb5 Bd7 22.Qxb7 Rab8
23.Qa7 Ng5 24.h4 Nh3+ 25.Kh2 Rxb2 26.Qc7 Rbb8 27.Nc4 Rbc8 28.Qxe5 Re8 29.Qb2 Qh5
30.Ncb6 Rxc1 31.Nxd7 Qxd5 32.Bxd5 Rxf1 33.Kxh3  1-0

[Event "Corus B"]
[Site "Wijk aan Zee NED"]
[Date "2006.01.15"]
[Round "2"]
[White "Lahno,Kateri"]
[Black "Motylev,A"]
[Result "1/2-1/2"]
[WhiteElo "2500"]
[BlackElo "2638"]

1.e4 c5 2.Nf3 d6 3.d4 cxd4 4.Nxd4 Nf6 5.Nc3 Nc6 6.Bg5 e6 7.Qd2 Be7 8.O-O-O Qb6
9.Ndb5 O-O 10.f4 Rd8 11.Qe1 Ne8 12.Na4 Qa6 13.Na3 Bxg5 14.Bxa6 Bxf4+ 15.Kb1 bxa6
16.Nc4 Ne5 17.Nxe5 Bxe5 18.Nc5 Rb8 19.Nd3 Bf6 20.Rf1 Bb7 21.Qe3 a5 22.g4 h6
23.Rxf6 Nxf6 24.g5 hxg5 25.Qxg5 Nxe4 26.Qxa5 Rdc8 27.Rg1 e5 28.h4 Bd5 29.Qe1 f5
30.h5 Rb7 31.a3  1/2-1/2

[Event "Corus B"]
[Site "Wijk aan Zee NED"]
[Date "2006.01.20"]
[Round "6"]
[White "Stellwagen,D"]
[Black "Motylev,A"]
[Result "1/2-1/2"]
[WhiteElo "2573"]
[BlackElo "2638"]

1.e4 e5 2.Nf3 Nc6 3.Bb5 a6 4.Ba4 Nf6 5.O-O Be7 6.Re1 b5 7.Bb3 d6 8.c3 O-O
9.h3 Na5 10.Bc2 c5 11.d4 Qc7 12.b4 Nc4 13.bxc5 dxc5 14.Nbd2 cxd4 15.cxd4 exd4
16.e5 Nd5 17.Nxd4 Bb4 18.Nxc4 Qxc4 19.Re4 Nc3 20.Rh4 Nxd1  1/2-1/2

[Event "Corus B"]
[Site "Wijk aan Zee NED"]
[Date "2006.01.21"]
[Round "7"]
[White "Motylev,A"]
[Black "Beliavsky,A"]
[Result "1/2-1/2"]
[WhiteElo "2638"]
[BlackElo "2626"]

1.e4 e5 2.Nf3 Nc6 3.Bb5 a6 4.Ba4 Nf6 5.O-O Be7 6.Re1 b5 7.Bb3 O-O 8.c3 d5
9.exd5 Nxd5 10.Nxe5 Nxe5 11.Rxe5 c6 12.d4 Bd6 13.Re1 Qh4 14.g3 Qh3 15.Re4 g5
16.Qf1 Qh5 17.Nd2 f5 18.Bd1 g4 19.Re1 f4 20.Ne4 Bc7 21.Bb3 Kh8 22.gxf4 Nxf4
23.Bxf4 Bxf4 24.Qg2 Ra7 25.Re2 Re7 26.Ng3 Qg5 27.Rxe7 Qxe7 28.Qxc6 h5 29.Qg6 h4
30.Qh5+ Qh7 31.Qxh7+ Kxh7 32.Ne4 Kg6 33.Nc5 Re8 34.Bc2+ Kg5 35.Bd3 Bf5 36.Bf1 g3
37.hxg3 hxg3 38.Bd3 Bxd3 39.Nxd3 Re2 40.Rd1 Bd6 41.Kg2 Kg4 42.Re1 Rd2 43.Re3 gxf2
44.Nxf2+ Kf5 45.Kf3 Rxb2 46.Re2 Rb1 47.Nd3 Rh1 48.Ke3 Ke6 49.Kd2+ Kd5 50.Kc2 a5
51.Rg2  1/2-1/2